000 03598nam a2200397 i 4500
999 _c1122
_d1122
001 021016625
003 UkOxU
005 20211008113602.0
008 160425s2017 nyuabcf b 001 0deng d
010 _a2016019506
020 _a9781451651133
_qhardback
020 _a1451651139
_qhardback
040 _aDLC
_beng
_erda
_cDLC
_dDLC
_dUkOxU
042 _apcc
043 _ae-gx---
082 0 0 _a943.086 CHI
_223
100 1 _aChilders, Thomas,
_d1946-
_eauthor.
245 1 4 _aThe Third Reich :
_ba history of Nazi Germany /
_cThomas Childers.
264 1 _aNew York :
_bSimon & Schuster,
_c2017.
264 4 _c©2017
300 _axvii, 651 pages, 22 unnumbered pages of plates :
_billustrations, maps, portraits ;
_c24 cm
336 _atext
_2rdacontent
337 _aunmediated
_2rdamedia
338 _avolume
_2rdacarrier
504 _aIncludes bibliographical references and index.
520 _a"The dramatic story of the Third Reich--how Adolf Hitler and a core group of Nazis rose to power and plunged the world into a horrific war, perpetrating the genocidal Holocaust while sacrificing the lives of millions of ordinary Germans. In The Third Reich, Thomas Childers shows how the young Hitler became passionately political and anti-Semitic as he lived on the margins of society. Fueled by outrage at the punitive terms of the Versailles Treaty that ended the Great War, he found his voice and drew a following. As his views developed, Hitler attracted like-minded colleagues who formed the nucleus of the nascent Nazi party. The failed Munich putsch of 1923 and subsequent trial gave Hitler a platform for his views, which he skillfully exploited. Between 1924 and 1929 Hitler and his party languished in obscurity on the radical fringes of German politics, but the onset of the Great Depression provided Hitler the issues he needed to move into the mainstream of German political life.
520 _aHe seized the opportunity to blame Germany's misery on the victorious allies, the Marxists, the Jews, and big business--and the political parties that represented them. By 1932 the Nazis had become the largest political party in Germany. Although Hitler became chancellor in 1933, his party had never achieved a majority in free elections. Within six months the Nazis transformed a dysfunctional democracy into a totalitarian state and began the inexorable march to World War II and the Holocaust. It is these fraught times that Childers brings to life: the Nazis' rise to power and their use and abuse of power once they achieved it. Based in part on German documents seldom used by previous historians, The Third Reich charts the dramatic, improbable rise of the Nazis; the suffering of ordinary Germans under Nazi rule; and the horrors of World War II and the Holocaust.
520 _aThis is the most comprehensive and readable one-volume history of Nazi Germany since the classic Rise and Fall of the Third Reich"--Provided by publisher.
520 _a"Based in part on documents seldom used by previous historians, this history of the Third Reich shows how the dramatic, improbable rise of the Nazis happened because of tragic miscalculations and blunders, then documents what life was like for ordinary Germans as the Nazis precipitated the horrors of World War II and the Holocaust"--Provided by publisher.
650 0 _aNational socialism.
650 0 _aWorld War, 1939-1945
_xCauses.
651 0 _aGermany
_xHistory
_y1933-1945.
651 0 _aGermany
_xPolitics and government
_y1933-1945.
651 0 _aGermany
_xSocial conditions
_y1933-1945.
942 _2ddc
_cNFIC